00485 2200181 4500001002100000035002000021245008800041100001600129250002000145260002800165300002700193020001800220084001600238082001000254650001300264990001300277990001300290INLIS000000000009077 a0010-0123000618 aAH. Nasutionbsang guru yang menjadi jendral besar dan tetap sederhanacKisdiantoro aKisdiantoro aCetakan Pertama bBee Media Pustakac2017 avi, 66 halamanc21 cm. a9786026227164 a920.1 KIS a a920.1 aBiografi a022.2031 a022.2032